LEADER 03143nam 2200637 450 001 9910713308203321 005 20200826085949.0 035 $a(CKB)5470000002500566 035 $a(OCoLC)1150261949 035 $a(EXLCZ)995470000002500566 100 $a20200413d2011 ua 0 101 0 $aeng 135 $aur||||||||||| 181 $ctxt$2rdacontent 182 $cc$2rdamedia 183 $acr$2rdacarrier 200 10$aEvaluation of the sensitivity of inventory and monitoring national parks to acidification effects from atmospheric sulfur and nitrogen deposition$iSouthwest Alaska Network (SWAN) /$fT. J. Sullivan [and four others] 210 1$aDenver, Colorado :$cU.S. Department of the Interior, National Park Service, Natural Resource Program Center,$d2011. 215 $a1 online resource (approximately 32 pages) $ccolor illustrations, color maps 225 1 $aNatural resource report ;$vNPS/NRPC/ARD/NRR--2011/381 300 $a"NPS 953/107419, April 2011"--Page ii. 300 $a"Experience your America"--Page 4 of cover. 320 $aIncludes bibliographical references. 517 $aEvaluation of the sensitivity of inventory and monitoring national parks to acidification effects from atmospheric sulfur and nitrogen deposition Southwest Alaska Network 606 $aAtmospheric sulfur oxides$xCounting$zAlaska$zAniakchak National Monument and Preserve 606 $aAtmospheric sulfur oxides$xCounting$zAlaska$zKatmai National Park and Preserve 606 $aAtmospheric sulfur oxides$xCounting$zAlaska$zKenai Fjords National Park 606 $aAtmospheric sulfur oxides$xCounting$zAlaska$zLake Clark National Park and Preserve 606 $aEnvironmental monitoring$zAlaska$zAniakchak National Monument and Preserve 606 $aEnvironmental monitoring$zAlaska$zKatmai National Park and Preserve 606 $aEnvironmental monitoring$zAlaska$zKenai Fjords National Park 606 $aEnvironmental monitoring$zAlaska$zLake Clark National Park and Preserve 606 $aAcidification 606 $aAtmospherics 607 $aKatmai National Park and Preserve (Alaska) 607 $aKenai Fjords National Park (Alaska) 607 $aAniakchak National Monument and Preserve (Alaska) 607 $aLake Clark National Park and Preserve (Alaska) 615 0$aAtmospheric sulfur oxides$xCounting 615 0$aAtmospheric sulfur oxides$xCounting 615 0$aAtmospheric sulfur oxides$xCounting 615 0$aAtmospheric sulfur oxides$xCounting 615 0$aEnvironmental monitoring 615 0$aEnvironmental monitoring 615 0$aEnvironmental monitoring 615 0$aEnvironmental monitoring 615 0$aAcidification. 615 0$aAtmospherics. 700 $aSullivan$b Timothy J$g(Timothy Joseph),$f1950-$0447990 712 02$aNatural Resource Program Center (U.S.), 801 0$bGPO 801 1$bGPO 906 $aBOOK 912 $a9910713308203321 996 $aEvaluation of the sensitivity of inventory and monitoring national parks to acidification effects from atmospheric sulfur and nitrogen deposition$93446464 997 $aUNINA LEADER 01481nas 2200385 n 450 001 990009070730403321 005 20240229084332.0 011 $a0896-3207 035 $a000907073 035 $aFED01000907073 035 $a(Aleph)000907073FED01 035 $a000907073 091 $2CNR$aP 00064002 100 $a20161109a19809999km-y0itaa50------ba 101 0 $aeng 102 $aUS 110 $aauu-------- 200 1 $aTUGboat 207 1$a1980- 210 $aProvidence$cThe Group 517 0 $aTUG boat 530 0 $aTUGboat 675 $a518.6 676 $a686 712 02$aTex Users Group 801 0$aIT$bACNP$c20090723 859 4 $uhttp://acnp.cib.unibo.it/cgi-ser/start/it/cnr/dc-p1.tcl?catno=42642&person=false&language=ITALIANO&libr=&libr_th=unina1$zBiblioteche che possiedono il periodico 901 $aSE 912 $a990009070730403321 958 $aBiblioteca "Roberto Stroffolini" - Dipartimento di Scienze Fisiche dell'Università Federico II$b1989-1992;$fFI1 959 $aFI1 996 $aTUGboat$9787101 997 $aUNINA AP1 8 $6866-01$aNA079 Biblioteca "Roberto Stroffolini" - Dipartimento di Scienze Fisiche dell'Università Federico II$eVia Cintia-Monte S. Angelo, 80126 Napoli (NA)$m081.676253;676756;676443$m081.676434$nit AP2 40$aacnp.cib.unibo.it$nACNP Italian Union Catalogue of Serials$uhttp://acnp.cib.unibo.it/cgi-ser/start/it/cnr/df-p.tcl?catno=42642&language=ITALIANO&libr=&person=&B=1&libr_th=unina&proposto=NO